Aasian maantiedettä kirjaimittain - H - Statistics

Yleistilastot
  • Tätä visaa on pelattu 510 kertaa
  • Keskiarvotulos 11 / 20
Vastaustilastot
Vihje Vastaus % Oikein
Atomipommin vuonna 1945 tuhoama kaupunki Hiroshima
95%
Intian yleisin uskonto Hindulaisuus
94%
Maailman korkein vuoristo Himalaja
92%
Vietnamin pääkaupunki Hanoi
91%
Kiinalle vuonna 1997 palautettu entinen brittiläinen territorio Hongkong
89%
Intian puhutuin kieli Hindi
84%
Israelin virallinen kieli Heprea
81%
Kaksi Japanin neljästä pääsaaresta Hokkaido
81%
Kaksi Japanin neljästä pääsaaresta Honshu
67%
Vietnamin väkirikkain kaupunki Ho Chi Minh
64%
Israelin pohjoisosien suurin kaupunki Haifa
42%
Suurkaupunki sekä Intiassa että Pakistanissa Hyderabad
39%
Kiinan suurin saari Hainan
34%
Keltaisenjoen kiinankielinen nimi {Huang}he
31%
Yllä olevan länsipuolella mereen laskeva merkittävä joki Helmijoki
29%
Kapea merensalmi Persianlahden suulla {Hormuzin}salmi
27%
Muslimien vuosittainen pyhiinvaellus Mekkaan Hadž
26%
Mantšurian väkirikkain kaupunki Harbin
22%
Afganistanin kolmanneksi suurin kaupunki Herat
17%
Abraham on tarinan mukaan haudattu Makpelan luolaan tässä Länsirannan suurimmassa kaupungissa Hebron
15%
Ehtoja vastaavia visoja ei löytynyt
Tulosjakauma
Jokaisen tuloksen saaneiden osuus
Persentiili vastausten määrän mukaan
Tuloshistoriasi
Et ole pelannut tätä visaa